书目信息 |
| 题名: |
传热学 ( 第四版 ) 同步辅导及习题全解
|
|
| 作者: | 李家星 主编 | |
| 分册: | ||
| 出版信息: | 北京 中国水利水电出版社 2014.12 |
|
| 页数: | 306页 | |
| 开本: | 23cm | |
| 丛书名: | 高校经典教材同步辅导丛书 | |
| 单 册: | ||
| 中图分类: | TK124 | |
| 科图分类: | ||
| 主题词: | 传热学--chuan re xue--高等学校--教学参考资料 | |
| 电子资源: | ||
| ISBN: | 978-7-5170-2559-7 | |
| 000 | 01144nam 2200277 450 | |
| 001 | 0100195234 | |
| 005 | 20210623114126.51 | |
| 010 | @a978-7-5170-2559-7@dCNY28.00 | |
| 100 | @a20150130d2014 em y0chiy50 ea | |
| 101 | 0 | @achi |
| 102 | @aCN@b110000 | |
| 105 | @aak z 000yy | |
| 200 | 1 | @a 传热学 ( 第四版 ) 同步辅导及习题全解@Achuan re xue(di si ban)tong bu fu dao ji xi ti quan jie@f李家星主编@Fli jia xing zhu bian |
| 205 | @a新版 | |
| 210 | @a北京@c中国水利水电出版社@d2014.12 | |
| 215 | @a306页@c图@d23cm | |
| 225 | 2 | @a高校经典教材同步辅导丛书@Agao xiao jing dian jiao cai tong bu fu dao cong shu@e配套高教版·杨世铭 |
| 330 | @a本书共11章, 分别介绍绪论、稳态热传导、非稳态热传导、热传导问题的数值解法、对流体热的理论基础、单相对流传热的实验关联式、相变对流传热、热辐射基本定律和辐射特性等。 | |
| 410 | 0 | @12001 @a高校经典教材同步辅导丛书 (配套高教版·杨世铭) |
| 540 | @a传热学 (第四版) 同步辅导及习题全解 | |
| 606 | 0 | @a传热学@Achuan re xue@x高等学校@j教学参考资料 |
| 690 | @aTK124@v5 | |
| 701 | 0 | @a李家星@Ali jia xing@4主编 |
| 801 | @aCN | |
| 901 | @a21 | |
| 905 | @a河南城建学院图书馆@b1294100-2@dTK124@eL187=4@f3 | |
| 传热学 ( 第四版 ) 同步辅导及习题全解/李家星主编.-新版.-北京:中国水利水电出版社,2014.12 |
| 306页:图;23cm.-(高校经典教材同步辅导丛书:配套高教版·杨世铭) |
| ISBN 978-7-5170-2559-7:CNY28.00 |
| 本书共11章, 分别介绍绪论、稳态热传导、非稳态热传导、热传导问题的数值解法、对流体热的理论基础、单相对流传热的实验关联式、相变对流传热、热辐射基本定律和辐射特性等。 |
| ● |
| 相关链接 |
|
|
|
正题名: 传热学 ( 第四版 ) 同步辅导及习题全解
索取号:TK124/L187=4
 
预约/预借
| 序号 | 登录号 | 条形码 | 馆藏地/架位号 | 状态 | 备注 |
| 1 | 0011593 | 200115936 | 自科库501/501自科库 136排2列1层/ [索取号:TK124/L187=4] | 在馆 | |
| 2 | 1294100 | 212941009 | 自科库501/501自科库 136排2列1层/ [索取号:TK124/L187=4] | 在馆 | |
| 3 | 1294101 | 212941016 | 自科库501/501自科库 136排2列1层/ [索取号:TK124/L187=4] | 在馆 | |
| 4 | 1294102 | 212941023 | 自科库501/501自科库 136排2列1层/ [索取号:TK124/L187=4] | 在馆 |